Villes Coupe du Monde Football 1950 (Mort subite) - Statistiques

Statistiques générales
  • Ce quiz a été pris 52 fois
  • Le résultat moyen est 2 sur 6
Answers on the Grid
Answers color-coded by a green-red scale on the quiz's grid according to % correct below.
Rio de Janeiro
São Paulo
Belo Horizonte
Porto Alegre
Recife
Curitiba
Manaus
Brasilia
Salvador
Fortaleza
Belém
Goiânia
Guarulhos
Maceió
Natal
 
Statistiques - réponses
Réponse % Correct
Estádio do Maracanã Rio de Janeiro
71%
Estádio do Pacaembu São Paulo
63%
Estádio Sete de Setembro Belo Horizonte
26%
Estádio Ilha do Retiro Recife
26%
Estádio dos Eucaliptos Porto Alegre
23%
Estádio Vila Capanema Curitiba
9%
Aucun quiz correspondant
Distribution des résultats
% des personnes avec chaque résultat
Percentile par nombre de réponses
Votre historique - résultats
Vous n’avez pas pris ce quiz